NFL Rushing Leaders: Dallas Cowboys - Statistics

General Stats
  • This quiz has been taken 60 times
  • The average score is 6 of 10
Answer Stats
Rank Player Yards Years w/ Team % Correct
1 EmmittSmith 17162 1990-2002
100%
3 EzekielElliott 8262 2016-2022
98%
7 DeMarcoMurray 4526 2011-2014
85%
2 TonyDorsett 12036 1977-1987
83%
10 TonyPollard 3621 2019-2023
73%
8 MarionBarber III 4358 2005-2010
54%
5 CalvinHill 5009 1969-1974
37%
9 WaltGarrison 3886 1966-1974
27%
4 DonPerkins 6217 1961-1968
19%
6 RobertNewhouse 4784 1972-1983
17%
No matching quizzes found
Score Distribution
Percent of People with Each Score
Percentile by Number Answered
Your Score History
You have not taken this quiz